[Event "20. Abierto Ciudad de Jaén"]
[Site "Jaén ESP"]
[Date "2010.01.31"]
[Round "6.3"]
[White "Krasenkow, Michal"]
[Black "Alvarez Pedraza, Aramis"]
[Result "1/2-1/2"]
[WhiteElo "2656"]
[BlackElo "2486"]
[PlyCount "141"]
[EventDate "2010.01.31"]
[EventType "swiss (rapid)"]
[EventCountry "ESP"]
[Source "lmi"]
[SourceDate "2010.01.31"]

1. Nf3 Nf6 2. c4 e6 3. d4 Bb4+ 4. Nbd2 b6 5. a3 Bxd2+ 6. Bxd2 Bb7 7. Bg5 d6 8.
e3 Nbd7 9. Qc2 h6 10. Bh4 g5 11. Bg3 Ne4 12. Nd2 Nxg3 13. hxg3 Qe7 14. g4 c5
15. O-O-O O-O-O 16. f3 Kb8 17. Kb1 Rc8 18. d5 exd5 19. cxd5 Qxe3 20. Ne4 Qf4
21. Qc3 Kc7 22. Bb5 Qe5 23. Qc4 Nf6 24. Nc3 Qf4 25. Qd3 Kb8 26. Rhe1 a6 27. g3
c4 28. gxf4 cxd3 29. fxg5 hxg5 30. Bxd3 Rce8 31. Ne4 Nxe4 32. fxe4 Bc8 33. Rc1
Rh3 34. Bf1 Rh1 35. Rc6 f5 36. Rxb6+ Ka7 37. Rxd6 fxe4 38. Rc1 e3 39. Be2 Rh2
40. Rc2 Re7 41. Rxc8 Rxe2 42. Re6 Rb7 43. Rc2 Re1+ 44. Ka2 Rd7 45. d6 Kb6 46.
Rc3 e2 47. Rc4 a5 48. a4 Rg1 49. Rxe2 Rxd6 50. Re5 Rg6 51. Rb5+ Ka6 52. Rcc5
Rxg4 53. Rxa5+ Kb6 54. Rcb5+ Kc7 55. Ra7+ Kc8 56. Re5 Kb8 57. Ree7 Rb6 58. a5
Rb5 59. a6 Ra4+ 60. Kb1 Rab4 61. Rad7 Rxb2+ 62. Kc1 Rb1+ 63. Kd2 R5b2+ 64. Kc3
Rb3+ 65. Kc4 Rb4+ 66. Kc5 Rb5+ 67. Kd6 Rb6+ 68. Ke5 Re1+ 69. Kf5 Rxe7 70. Rd5
Rb5 71. Rxb5+ 1/2-1/2

[Event "20. Abierto Ciudad de Jaén"]
[Site "Jaén ESP"]
[Date "2010.01.31"]
[Round "6.4"]
[White "Razmyslov, Alexander"]
[Black "Paunovic, Dragan"]
[Result "1/2-1/2"]
[WhiteElo "2429"]
[BlackElo "2551"]
[PlyCount "170"]
[EventDate "2010.01.31"]
[EventType "swiss (rapid)"]
[EventCountry "ESP"]
[Source "lmi"]
[SourceDate "2010.01.31"]

1. Nf3 Nf6 2. g3 g6 3. Bg2 Bg7 4. O-O O-O 5. d4 d6 6. c4 c6 7. Nc3 Qb6 8. h3
Qa6 9. b3 b5 10. cxb5 cxb5 11. a4 b4 12. Nb5 Qb6 13. Nd2 d5 14. Qc2 a6 15. Qc7
Qxc7 16. Nxc7 Ra7 17. Nxd5 Nxd5 18. Bxd5 Bxh3 19. Bg2 Bxg2 20. Kxg2 Bxd4 21.
Ra2 Rd7 22. Nc4 Bc3 23. Bb2 Bxb2 24. Rxb2 Nc6 25. Rc1 Rfd8 26. Nb6 Rd6 27. Rc5
Nd4 28. a5 Rc6 29. Na4 Rxc5 30. Nxc5 Rd5 31. Nxa6 Rxa5 32. Nxb4 Rb5 33. Nd3
Rxb3 34. Rxb3 Nxb3 35. f4 f6 36. Kf2 Nd4 37. e3 Nc6 38. Kf3 Kf7 39. Ke4 e6 40.
Nb2 f5+ 41. Kf3 e5 42. e4 Kf6 43. exf5 Kxf5 44. fxe5 Nxe5+ 45. Kg2 h5 46. Nd1
Nc4 47. Kf3 g5 48. Nc3 g4+ 49. Kf2 Nd6 50. Ke3 Ke5 51. Ne2 Nf5+ 52. Kf2 Ke4 53.
Nc3+ Ke5 54. Ne2 Ng7 55. Nf4 Ke4 56. Ne2 Ne6 57. Nc3+ Kd4 58. Ne2+ Kd3 59. Nc1+
Ke4 60. Ne2 Nd4 61. Nc3+ Ke5 62. Ke3 Nf5+ 63. Kf2 Nd6 64. Ke3 Nf5+ 65. Kf2 Nd4
66. Ke3 Ne6 67. Kf2 Kd4 68. Ne2+ Kd3 69. Nc1+ Kd2 70. Nb3+ Kd3 71. Nc1+ Ke4 72.
Ne2 Nc5 73. Nc3+ Kd3 74. Nd5 Ne4+ 75. Kg2 Kd4 76. Nf4 Nf6 77. Kf2 Ke4 78. Ne2
Kd3 79. Nc1+ Kc2 80. Ne2 Kd2 81. Nf4 Kc3 82. Ke3 Kc4 83. Ng2 Kd5 84. Kf4 Ke6
85. Kg5 Ng8 1/2-1/2

[Event "20. Abierto Ciudad de Jaén"]
[Site "Jaén ESP"]
[Date "2010.01.31"]
[Round "6.6"]
[White "Claverie, Raul"]
[Black "Matamoros Franco, Carlos S"]
[Result "0-1"]
[WhiteElo "2384"]
[BlackElo "2541"]
[PlyCount "158"]
[EventDate "2010.01.31"]
[EventType "swiss (rapid)"]
[EventCountry "ESP"]
[Source "lmi"]
[SourceDate "2010.01.31"]

1. e4 e6 2. d4 d5 3. exd5 exd5 4. Nf3 Nc6 5. Bb5 Bd6 6. O-O Nge7 7. Re1 O-O 8.
h3 a6 9. Bf1 Bf5 10. c3 Ng6 11. Bd3 Qd7 12. Bxf5 Qxf5 13. Be3 Rfe8 14. Nbd2 Re7
15. Qb1 Qxb1 16. Raxb1 f6 17. Kf1 Kf7 18. Nb3 b6 19. Re2 Nf8 20. Rbe1 g5 21.
Bc1 Ng6 22. Rxe7+ Ncxe7 23. a4 a5 24. g3 h5 25. Na1 Rh8 26. Kg2 h4 27. g4 Bf4
28. Be3 Nc8 29. Nb3 Nd6 30. Nbd2 Re8 31. Kf1 Rc8 32. Ke2 c5 33. Kd3 c4+ 34. Kc2
Re8 35. Nf1 Ne4 36. Kd1 Bxe3 37. fxe3 Nf2+ 38. Kd2 Rb8 39. Re2 Ne4+ 40. Kc2 Re8
41. N3d2 Nd6 42. Nh2 Nf4 43. Re1 Nxh3 44. Nhf3 Nf2 45. Nxg5+ fxg5 46. Rf1 Rxe3
47. Rxf2+ Kg6 48. Nf3 Nf7 49. Kd2 Re4 50. Nh2 Nd6 51. Nf3 Nf7 52. Nh2 Nh6 53.
Rg2 Kf6 54. Rf2+ Ke6 55. Rg2 Kd6 56. Nf3 Rxg4 57. Rxg4 Nxg4 58. Nxg5 Ke7 59.
Nh3 Ke6 60. Nf4+ Kf5 61. Nh3 Nf6 62. Ke3 Kg4 63. Nf4 h3 64. Nxh3 Kxh3 65. Kf4
Ng4 66. Kf5 Kg3 67. Ke6 Ne3 68. Kd6 Kf3 69. Kc6 Ke4 70. Kxb6 Nd1 71. Kxa5 Nxb2
72. Kb4 Nxa4 73. Kxa4 Kd3 74. Kb4 Kc2 75. Kc5 Kxc3 76. Kxd5 Kb3 77. Ke6 c3 78.
d5 c2 79. d6 c1=Q 0-1

[Event "20. Abierto Ciudad de Jaén"]
[Site "Jaén ESP"]
[Date "2010.01.31"]
[Round "6.7"]
[White "Ubilava, Elizbar"]
[Black "Zlotnik, Boris A"]
[Result "1/2-1/2"]
[WhiteElo "2526"]
[BlackElo "2442"]
[PlyCount "77"]
[EventDate "2010.01.31"]
[EventType "swiss (rapid)"]
[EventCountry "ESP"]
[Source "lmi"]
[SourceDate "2010.01.31"]

1. d4 Nf6 2. c4 c6 3. Nf3 d5 4. Nc3 e6 5. Bg5 Nbd7 6. e3 Be7 7. Bd3 O-O 8. O-O
dxc4 9. Bxc4 Nd5 10. Bxe7 Qxe7 11. e4 Nxc3 12. bxc3 b6 13. a4 Rb8 14. Re1 Bb7
15. Qb3 Rfd8 16. h3 a6 17. Bd3 h6 18. Re3 b5 19. axb5 cxb5 20. c4 bxc4 21. Qxc4
Rdc8 22. Qa2 a5 23. Qxa5 Ra8 24. Qe1 Rxa1 25. Qxa1 Qb4 26. Kh2 Nf6 27. Re1 Qc3
28. Qxc3 Rxc3 29. Bb1 Rb3 30. Kg1 Rb2 31. Bd3 Rb3 32. Re3 Bxe4 33. Bxe4 Rxe3
34. fxe3 Nxe4 35. Kf1 h5 36. Ke2 f6 37. Kd3 Nf2+ 38. Ke2 Ne4 39. Ng1 1/2-1/2

[Event "20. Abierto Ciudad de Jaén"]
[Site "Jaén ESP"]
[Date "2010.01.31"]
[Round "6.8"]
[White "Ibarra Jerez, Jose Carlos"]
[Black "Pozo Vera, Sandro"]
[Result "0-1"]
[WhiteElo "2520"]
[BlackElo "2436"]
[PlyCount "89"]
[EventDate "2010.01.31"]
[EventType "swiss (rapid)"]
[EventCountry "ESP"]
[Source "lmi"]
[SourceDate "2010.01.31"]

1. e4 e6 2. d4 d5 3. Nc3 Bb4 4. e5 c5 5. Bd2 Ne7 6. dxc5 Nbc6 7. Qg4 O-O 8.
O-O-O Bxc5 9. Nf3 Ng6 10. Qh5 a6 11. Kb1 b5 12. Bd3 Nce7 13. Ne2 Bd7 14. h4 b4
15. Qg4 f5 16. exf6 Rxf6 17. h5 e5 18. Qg5 h6 19. Qg3 e4 20. hxg6 Rxg6 21. Qh2
exd3 22. cxd3 Bf5 23. Bf4 Bd6 24. Nfd4 Rf6 25. Rhe1 Bh7 26. Bxd6 Rxd6 27. Ng3
Qd7 28. Re3 Nc6 29. Nge2 Rc8 30. Nxc6 Rdxc6 31. Nd4 Rf6 32. f3 Qa7 33. Qe5 Qc5
34. g4 Bg6 35. Rde1 Re8 36. Nb3 Qb5 37. Qd4 Rxe3 38. Rxe3 a5 39. f4 a4 40. Nc1
b3 41. f5 Bf7 42. axb3 axb3 43. Qf4 d4 44. Qxd4 Rxf5 45. gxf5 0-1

[Event "20. Abierto Ciudad de Jaén"]
[Site "Jaén ESP"]
[Date "2010.01.31"]
[Round "6.9"]
[White "Korneev, Oleg"]
[Black "Dolezal, Cristian"]
[Result "0-1"]
[WhiteElo "2573"]
[BlackElo "2405"]
[PlyCount "95"]
[EventDate "2010.01.31"]
[EventType "swiss (rapid)"]
[EventCountry "ESP"]
[Source "lmi"]
[SourceDate "2010.01.31"]

1. e4 e5 2. Nf3 Nc6 3. Bc4 Nf6 4. d3 Be7 5. O-O O-O 6. Re1 d6 7. a4 Be6 8. a5
b6 9. a6 Qc8 10. Nc3 Bxc4 11. dxc4 Nb4 12. Bg5 Nxa6 13. Nh4 g6 14. Qf3 Kg7 15.
g3 Nc5 16. Ng2 Ne6 17. Bxf6+ Bxf6 18. Nd5 Bd8 19. h4 c6 20. Nb4 a5 21. Nd3 h5
22. c3 Nc5 23. Nxc5 bxc5 24. Ne3 Bc7 25. Red1 Qe6 26. Kf1 Rfb8 27. Rd2 Rb7 28.
Ke2 Rab8 29. Ra2 Ra8 30. Ra1 a4 31. g4 hxg4 32. Nxg4 Qxc4+ 33. Ke3 f5 34. exf5
Qxc3+ 35. Ke2 Qxb2 36. Kf1 Qxa1+ 37. Kg2 Qd4 38. Ne3 e4 39. Qg4 Qf6 40. h5 g5
41. h6+ Kh7 42. Qxe4 d5 43. Qc2 a3 44. Ng4 Qd4 45. Kh3 Rf8 46. Qa4 Rb3+ 47.
Qxb3 Ra8 48. Qd1 0-1

[Event "20. Abierto Ciudad de Jaén"]
[Site "Jaén ESP"]
[Date "2010.01.31"]
[Round "7.1"]
[White "Granero Roca, Antonio"]
[Black "Spraggett, Kevin"]
[Result "1/2-1/2"]
[WhiteElo "2450"]
[BlackElo "2586"]
[PlyCount "128"]
[EventDate "2010.01.31"]
[EventType "swiss (rapid)"]
[EventCountry "ESP"]
[Source "lmi"]
[SourceDate "2010.01.31"]

1. d4 Nf6 2. c4 e6 3. Nf3 c5 4. d5 exd5 5. cxd5 d6 6. Nc3 g6 7. g3 Bg7 8. Bg2
O-O 9. O-O a6 10. a4 Nbd7 11. Bf4 Qe7 12. Qc2 Ng4 13. e4 Nde5 14. Nxe5 Nxe5 15.
a5 Bd7 16. Na4 Bb5 17. Rfd1 f5 18. Nb6 Rae8 19. Ra3 g5 20. Bxe5 Qxe5 21. Nc4
Bxc4 22. Qxc4 fxe4 23. Re3 Qxb2 24. Re2 Qb5 25. Qc2 e3 26. fxe3 Qxa5 27. Be4 h6
28. Bf5 Qd8 29. Rf1 Kh8 30. Kg2 Be5 31. Ref2 Rf6 32. Qd1 Ref8 33. Qh5 b5 34. h4
gxh4 35. g4 Qe7 36. Qxh4 Qg7 37. e4 Rg8 38. Be6 Rxf2+ 39. Qxf2 Rb8 40. Qa2 Rf8
41. Rxf8+ Qxf8 42. Qxa6 b4 43. Qb7 Bg7 44. Bf5 h5 45. gxh5 Qf6 46. Qb8+ Bf8 47.
Kf3 Kg7 48. Qb7+ Be7 49. Ke2 Kh6 50. Qc8 Kxh5 51. Qe8+ Kh6 52. Qg8 b3 53. Qh7+
Kg5 54. Qg8+ Kh5 55. Qh7+ Kg5 56. Qg8+ Kf4 57. Qg4+ Ke5 58. Qg3+ Kd4 59. Qxb3
Qh4 60. Qd3+ Ke5 61. Qc3+ Kf4 62. Qf3+ Ke5 63. Qc3+ Kf4 64. Qf3+ Kg5 1/2-1/2

[Event "20. Abierto Ciudad de Jaén"]
[Site "Jaén ESP"]
[Date "2010.01.31"]
[Round "7.2"]
[White "Vazquez Igarza, Renier"]
[Black "Pozo Vera, Sandro"]
[Result "0-1"]
[WhiteElo "2560"]
[BlackElo "2436"]
[PlyCount "108"]
[EventDate "2010.01.31"]
[EventType "swiss (rapid)"]
[EventCountry "ESP"]
[Source "lmi"]
[SourceDate "2010.01.31"]

1. d4 d5 2. c4 c6 3. Nf3 Nf6 4. Nc3 dxc4 5. a4 Bf5 6. Ne5 Nbd7 7. Nxc4 Nb6 8.
Ne5 a5 9. f3 Nfd7 10. e4 Nxe5 11. exf5 Nec4 12. Qb3 Nd6 13. Bd3 g6 14. fxg6
hxg6 15. Bf4 Bg7 16. Be5 Kf8 17. O-O-O Qc7 18. Kb1 Nd7 19. Rhe1 Bf6 20. h3 Kg7
21. f4 Rab8 22. Ne4 Bxe5 23. fxe5 Nxe4 24. Rxe4 e6 25. Rf1 b5 26. Ref4 Rhf8 27.
axb5 cxb5 28. Qd1 Nb6 29. Qg4 Nd5 30. Rf6 Ne3 31. Rxg6+ fxg6 32. Qxg6+ Kh8 33.
Qh6+ Kg8 34. Qxe6+ Rf7 35. Bh7+ Kf8 36. Qh6+ Ke8 37. Bg6 Nxf1 38. e6 Ke7 39.
exf7 Qd6 40. Qg5+ Kd7 41. Qf5+ Kc7 42. Qxf1 Qxg6+ 43. Ka1 Rf8 44. Qf4+ Kd7 45.
Qf3 Rxf7 46. Qb7+ Ke8 47. Qb8+ Ke7 48. Qc7+ Kf8 49. Qb8+ Kg7 50. Qe5+ Qf6 51.
Qg3+ Kh7 52. Ka2 Qe6+ 53. b3 Qe4 54. Qd6 b4 0-1

[Event "20. Abierto Ciudad de Jaén"]
[Site "Jaén ESP"]
[Date "2010.01.31"]
[Round "7.3"]
[White "Matamoros Franco, Carlos S"]
[Black "Kovacevic, Slobodan"]
[Result "1/2-1/2"]
[WhiteElo "2541"]
[BlackElo "2379"]
[PlyCount "49"]
[EventDate "2010.01.31"]
[EventType "swiss (rapid)"]
[EventCountry "ESP"]
[Source "lmi"]
[SourceDate "2010.01.31"]

1. c4 c5 2. g3 Nf6 3. Bg2 e6 4. Nf3 Qc7 5. Nc3 a6 6. O-O b6 7. d4 cxd4 8. Nxd4
Bb7 9. Bf4 Qc8 10. e4 d6 11. Nd5 Nbd7 12. Bg5 Be7 13. Nxe7 Kxe7 14. Re1 h6 15.
Bf4 Ne5 16. Rc1 Rd8 17. Qb3 Qc7 18. Qa3 Nfd7 19. b3 Nc5 20. Rcd1 Kf8 21. Re2
Kg8 22. Bc1 Ncd3 23. Be3 Nc5 24. Bc1 Ncd3 25. Be3 1/2-1/2

[Event "20. Abierto Ciudad de Jaén"]
[Site "Jaén ESP"]
[Date "2010.01.31"]
[Round "7.4"]
[White "Dolezal, Cristian"]
[Black "Rivas Pastor, Manuel"]
[Result "0-1"]
[WhiteElo "2405"]
[BlackElo "2531"]
[PlyCount "74"]
[EventDate "2010.01.31"]
[EventType "swiss (rapid)"]
[EventCountry "ESP"]
[Source "lmi"]
[SourceDate "2010.01.31"]

1. e4 e5 2. Nf3 Nc6 3. Nc3 Nf6 4. a3 g6 5. d4 exd4 6. Nxd4 Bg7 7. Nxc6 bxc6 8.
Be2 O-O 9. O-O Re8 10. Bf3 d6 11. Re1 Nd7 12. g3 Ne5 13. Bg2 Bg4 14. f3 Be6 15.
Ne2 Qb8 16. Nd4 Qb6 17. c3 Bc4 18. Bf1 c5 19. Nc2 Bb3 20. Kg2 Rad8 21. Qe2 Bc4
22. Qf2 Bxf1+ 23. Rxf1 Nd3 24. Qd2 Nxc1 25. Qxc1 d5 26. exd5 Rxd5 27. Rf2 c4
28. a4 Rde5 29. Nd4 c5 30. Nb5 a6 31. Na3 Qe6 32. Qf4 Re2 33. Raf1 Qd5 34. Qxc4
Qd2 35. Qb3 Qd3 36. Nc4 Bd4 37. Qd1 Ra8 0-1

[Event "20. Abierto Ciudad de Jaén"]
[Site "Jaén ESP"]
[Date "2010.01.31"]
[Round "7.5"]
[White "Zlotnik, Boris A"]
[Black "Krasenkow, Michal"]
[Result "1/2-1/2"]
[WhiteElo "2442"]
[BlackElo "2656"]
[PlyCount "72"]
[EventDate "2010.01.31"]
[EventType "swiss (rapid)"]
[EventCountry "ESP"]
[Source "lmi"]
[SourceDate "2010.01.31"]

1. d4 Nf6 2. c4 g6 3. Nf3 Bg7 4. Qc2 c5 5. d5 d6 6. Nc3 O-O 7. e4 e6 8. Be2
exd5 9. cxd5 Bg4 10. O-O a6 11. Bf4 b5 12. h3 Bxf3 13. Bxf3 Qb6 14. a4 Nbd7 15.
Be2 c4 16. Be3 Qb7 17. axb5 axb5 18. Rxa8 Rxa8 19. b4 Ra3 20. Bd4 Qa6 21. Rb1
Nb6 22. Qc1 Nfd7 23. Bxg7 Kxg7 24. Nxb5 Ra2 25. Bxc4 Nxc4 26. Qxc4 Ne5 27. Qf1
Qb6 28. Nc3 Rc2 29. Rc1 Rd2 30. Rd1 Rc2 31. Rc1 Rd2 32. Qe1 Rd4 33. Rb1 Qxb4
34. Rc1 Rd2 35. Nb1 Qb6 36. Qd1 Qd8 1/2-1/2

[Event "20. Abierto Ciudad de Jaén"]
[Site "Jaén ESP"]
[Date "2010.01.31"]
[Round "7.6"]
[White "Paunovic, Dragan"]
[Black "Roa Alonso, Santiago"]
[Result "1-0"]
[WhiteElo "2551"]
[BlackElo "2422"]
[PlyCount "97"]
[EventDate "2010.01.31"]
[EventType "swiss (rapid)"]
[EventCountry "ESP"]
[Source "lmi"]
[SourceDate "2010.01.31"]

1. c4 Nf6 2. Nf3 c5 3. g3 b6 4. Bg2 Bb7 5. O-O e6 6. Nc3 Be7 7. d4 cxd4 8. Qxd4
d6 9. Bg5 a6 10. Bxf6 Bxf6 11. Qf4 Bxc3 12. bxc3 Qc7 13. Rfd1 e5 14. Qd2 Nd7
15. Qxd6 Qxd6 16. Rxd6 O-O-O 17. Rad1 Bxf3 18. Bxf3 Nb8 19. R6d5 f6 20. c5 b5
21. a4 Rxd5 22. Bxd5 Rd8 23. axb5 axb5 24. e4 Nd7 25. Rb1 Nxc5 26. Rxb5 Nd7 27.
Rb7 f5 28. Bc6 Nc5 29. Rb5 Rd1+ 30. Kg2 Nd3 31. exf5 Rd2 32. Kf3 Kc7 33. Be4
Nxf2 34. Rxe5 Nxe4 35. Kxe4 Rxh2 36. Re7+ Kd6 37. Rxg7 h5 38. Rg6+ Ke7 39. Rh6
Re2+ 40. Kf3 Rc2 41. Rxh5 Rxc3+ 42. Kf4 Kf6 43. Rh6+ Kg7 44. Rg6+ Kf7 45. g4
Rc5 46. Ra6 Rb5 47. Ra7+ Ke8 48. Ra1 Rxf5+ 49. Ke4 1-0

[Event "20. Abierto Ciudad de Jaén"]
[Site "Jaén ESP"]
[Date "2010.01.31"]
[Round "7.7"]
[White "Strikovic, Aleksa"]
[Black "Razmyslov, Alexander"]
[Result "1-0"]
[WhiteElo "2531"]
[BlackElo "2429"]
[PlyCount "172"]
[EventDate "2010.01.31"]
[EventType "swiss (rapid)"]
[EventCountry "ESP"]
[Source "lmi"]
[SourceDate "2010.01.31"]

1. e4 c5 2. d3 e6 3. f4 d5 4. Qe2 Ne7 5. Nf3 b6 6. g3 dxe4 7. dxe4 Nec6 8. Bg2
Be7 9. e5 Na5 10. Nc3 Bb7 11. O-O O-O 12. Rd1 Qc8 13. Nb5 Bd5 14. b3 c4 15. Be3
Rd8 16. f5 Nbc6 17. fxe6 fxe6 18. Nc3 Bxf3 19. Qxf3 Qc7 20. Qe4 Rxd1+ 21. Rxd1
Re8 22. Nb5 Qxe5 23. Qxe5 Nxe5 24. Nxa7 Bc5 25. Bxc5 bxc5 26. Rd6 cxb3 27. axb3
Re7 28. Ra6 Nb7 29. Nc8 Rd7 30. Rxe6 Ng6 31. Bxb7 Rxb7 32. Rc6 Rd7 33. Rxc5 Rd2
34. b4 Nf8 35. Ne7+ Kf7 36. Nf5 Ne6 37. Rc4 Kf6 38. Nh4 Nd4 39. c3 Ne2+ 40. Kf2
Nxc3+ 41. Ke3 Nb1 42. Rf4+ Ke6 43. Nf5 g5 44. Nd4+ Kd5 45. Rf5+ Kc4 46. Rc5+
Kxb4 47. Rxg5 Kc4 48. Nf3 Rd3+ 49. Kf4 Rd8 50. Rg7 Rf8+ 51. Ke3 h6 52. Rg6 Rh8
53. Ne5+ Kd5 54. Nf7 Re8+ 55. Kd3 Na3 56. Rxh6 Rf8 57. Rh5+ Ke6 58. Ng5+ Kd7
59. Rh7+ Kd6 60. Ne4+ Ke6 61. Rh6+ Ke5 62. Rh5+ Ke6 63. Rc5 Rb8 64. h4 Nb5 65.
Ke3 Na7 66. h5 Nc8 67. Kf4 Ne7 68. Re5+ Kd7 69. Nf6+ Kd6 70. Re4 Rb5 71. g4 Rb1
72. Rd4+ Ke6 73. Ne4 Nd5+ 74. Kf3 Rb3+ 75. Kf2 Ke5 76. Ra4 Nb4 77. Nc5 Rb2+ 78.
Kf3 Kd5 79. h6 Kxc5 80. h7 Rh2 81. Ra5+ Kd4 82. Ra4 Kc5 83. Kg3 Rb2 84. Kh4 Rb1
85. Ra3 Ra1 86. Rxa1 Kd5 1-0

[Event "20. Abierto Ciudad de Jaén"]
[Site "Jaén ESP"]
[Date "2010.01.31"]
[Round "7.8"]
[White "Alvarez Pedraza, Aramis"]
[Black "Ubilava, Elizbar"]
[Result "0-1"]
[WhiteElo "2486"]
[BlackElo "2526"]
[PlyCount "94"]
[EventDate "2010.01.31"]
[EventType "swiss (rapid)"]
[EventCountry "ESP"]
[Source "lmi"]
[SourceDate "2010.01.31"]

1. d4 Nf6 2. c4 d6 3. Nf3 Bf5 4. Nc3 h6 5. g3 Ne4 6. Qb3 Nxc3 7. Qxc3 Nd7 8.
Bg2 Be4 9. O-O e6 10. Bh3 Be7 11. Nd2 Bg6 12. Bg2 c6 13. f4 d5 14. g4 Nf6 15.
f5 exf5 16. gxf5 Bh5 17. e4 dxe4 18. Re1 Bf3 19. Nxf3 exf3 20. Qxf3 O-O 21. Be3
Re8 22. Kh1 Kh7 23. Rg1 Bd6 24. Rae1 Qc7 25. Bf1 c5 26. Bd3 Bxh2 27. d5 Bxg1
28. Rxg1 Rxe3 29. Qxe3 Re8 30. Qf2 Qe5 31. Qg2 Rg8 32. b3 Qd4 33. Bb1 Qh4+ 34.
Qh2 Qxh2+ 35. Kxh2 Re8 36. Rd1 Kg8 37. d6 Rd8 38. b4 cxb4 39. c5 Nd7 40. f6
Nxc5 41. Rg1 Rxd6 42. fxg7 Rd8 43. Rg4 a5 44. Bf5 Ne6 45. Bxe6 fxe6 46. Rg6
Rd2+ 47. Kg3 Rxa2 0-1

[Event "20. Abierto Ciudad de Jaén"]
[Site "Jaén ESP"]
[Date "2010.01.31"]
[Round "7.9"]
[White "Delchev, Aleksander"]
[Black "Barria Zuñiga, Daniel"]
[Result "0-1"]
[WhiteElo "2625"]
[BlackElo "2430"]
[PlyCount "90"]
[EventDate "2010.01.31"]
[EventType "swiss (rapid)"]
[EventCountry "ESP"]
[Source "lmi"]
[SourceDate "2010.01.31"]

1. d4 Nf6 2. c4 e6 3. Nf3 d5 4. Nc3 dxc4 5. e3 a6 6. Bxc4 b5 7. Bd3 Bb7 8. a4
b4 9. Nb1 c5 10. Nbd2 Nbd7 11. O-O Be7 12. a5 O-O 13. Qe2 Qc7 14. Rd1 Rfc8 15.
Nc4 Bd5 16. b3 Qb7 17. Bb2 Be4 18. Rac1 Rc7 19. Bxe4 Nxe4 20. Nfe5 Nef6 21.
Nxd7 Nxd7 22. e4 cxd4 23. Bxd4 Bf6 24. Bxf6 Nxf6 25. Nb6 Rxc1 26. Rxc1 Rd8 27.
f3 h6 28. g3 e5 29. Rc2 Rd4 30. Rc8+ Kh7 31. Qc2 Qe7 32. Nc4 Qd7 33. Rc5 Rd3
34. Rxe5 Qd4+ 35. Qf2 Qc3 36. Re7 Rxf3 37. Qe2 Ng4 38. e5 Qa1+ 39. Kg2 Rf2+ 40.
Qxf2 Nxf2 41. Kxf2 Qa2+ 42. Kf3 Qxb3+ 43. Ne3 Qc3 44. Rxf7 Qxe5 45. Rf5 Qxf5+
0-1

[Event "20. Abierto Ciudad de Jaén"]
[Site "Jaén ESP"]
[Date "2010.01.31"]
[Round "8.2"]
[White "Spraggett, Kevin"]
[Black "Matamoros Franco, Carlos S"]
[Result "1-0"]
[WhiteElo "2586"]
[BlackElo "2541"]
[PlyCount "124"]
[EventDate "2010.01.31"]
[EventType "swiss (rapid)"]
[EventCountry "ESP"]
[Source "lmi"]
[SourceDate "2010.01.31"]

1. e4 d6 2. Nc3 e5 3. g3 g6 4. Bg2 Bg7 5. d3 Ne7 6. Nge2 c5 7. f4 Nbc6 8. O-O
O-O 9. Be3 Nd4 10. Qd2 Be6 11. Rf2 Qd7 12. Raf1 f6 13. Nc1 exf4 14. Bxf4 d5 15.
Bh6 Rae8 16. Bxg7 Kxg7 17. exd5 Bxd5 18. Ne4 Bxe4 19. Bxe4 Nec6 20. Bg2 Ne5 21.
c3 Ndc6 22. Re2 Rd8 23. Rd1 Rfe8 24. Qf4 h5 25. a3 a5 26. d4 cxd4 27. cxd4 Nf7
28. d5 Nce5 29. Rf1 Qd6 30. Rc2 Rc8 31. Rxc8 Rxc8 32. Ne2 Rc4 33. Nd4 Qb6 34.
Rd1 Nd6 35. Kh1 Ng4 36. h3 g5 37. Qxd6 Rxd4 38. Qxb6 Rxd1+ 39. Bf1 Ne5 40. Qb5
g4 41. hxg4 hxg4 42. Qe2 Rxd5 43. Bg2 Rc5 44. Bxb7 a4 45. Kg2 Rc1 46. Be4 Rc7
47. Qf2 Rd7 48. Bc2 Nf3 49. Bxa4 Rd2 50. Qxd2 Nxd2 51. Bb5 f5 52. a4 Nb3 53.
Kf2 Kf6 54. Ke3 Ke5 55. Bc4 Nd4 56. a5 Nc2+ 57. Kd2 Nb4 58. a6 Nc6 59. Kc3 f4
60. gxf4+ Kxf4 61. Bd5 Ne7 62. Bb7 Ng8 1-0

[Event "20. Abierto Ciudad de Jaén"]
[Site "Jaén ESP"]
[Date "2010.01.31"]
[Round "8.3"]
[White "Ubilava, Elizbar"]
[Black "Paunovic, Dragan"]
[Result "1-0"]
[WhiteElo "2526"]
[BlackElo "2551"]
[PlyCount "135"]
[EventDate "2010.01.31"]
[EventType "swiss (rapid)"]
[EventCountry "ESP"]
[Source "lmi"]
[SourceDate "2010.01.31"]

1. d4 d6 2. Nf3 Nf6 3. c4 g6 4. g3 Bg7 5. Bg2 O-O 6. O-O c6 7. Nc3 Qb6 8. b3
Nbd7 9. Bb2 e5 10. e3 Re8 11. Qc2 e4 12. Nd2 d5 13. Ba3 Nf8 14. Rac1 Be6 15.
cxd5 cxd5 16. Na4 Qa5 17. Qb2 Rac8 18. Nc5 b6 19. Nb7 Qa6 20. Nd6 Rcd8 21. Nxe8
Rxe8 22. Rc7 Qe2 23. Nxe4 Qh5 24. Nxf6+ Bxf6 25. Rxa7 Bh3 26. Bxf8 Rxf8 27. Qa3
Bxg2 28. Kxg2 Qf5 29. Ra8 Rxa8 30. Qxa8+ Kg7 31. Qe8 h5 32. h3 Qc2 33. a4 Qxb3
34. Qb5 Qa2 35. Rc1 Bg5 36. Kf1 h4 37. g4 Bxe3 38. fxe3 Qh2 39. Qxd5 Qxh3+ 40.
Ke2 Qxg4+ 41. Qf3 Qd7 42. Rf1 h3 43. Rh1 Qxa4 44. Rxh3 Qc2+ 45. Kf1 b5 46. Qe2
Qf5+ 47. Rf3 Qd5 48. e4 Qxd4 49. Rd3 Qa1+ 50. Rd1 Qe5 51. Qe3 Qf6+ 52. Qf2 Qg5
53. Rd5 Qc1+ 54. Kg2 b4 55. Qd4+ Kh7 56. Rd8 Qg5+ 57. Kf3 Qh5+ 58. Ke3 Qh3+ 59.
Kd2 Qg2+ 60. Kc1 Qf1+ 61. Kb2 f6 62. Qd7+ Kh6 63. Qd2+ g5 64. Qh2+ Kg6 65. Rg8+
Kf7 66. Qh7+ Ke6 67. Re8+ Kd6 68. Qe7+ 1-0

[Event "20. Abierto Ciudad de Jaén"]
[Site "Jaén ESP"]
[Date "2010.01.31"]
[Round "8.4"]
[White "Kovacevic, Slobodan"]
[Black "Strikovic, Aleksa"]
[Result "1-0"]
[WhiteElo "2379"]
[BlackElo "2531"]
[PlyCount "90"]
[EventDate "2010.01.31"]
[EventType "swiss (rapid)"]
[EventCountry "ESP"]
[Source "lmi"]
[SourceDate "2010.01.31"]

1. d4 c5 2. d5 e5 3. e4 a6 4. a4 d6 5. Nc3 Be7 6. a5 h5 7. Be2 Bg5 8. Nf3 Bxc1
9. Qxc1 Bg4 10. Nd2 Bxe2 11. Nxe2 Nf6 12. f3 Nbd7 13. Nc4 Qc7 14. Qg5 g6 15.
Ra3 h4 16. Rb3 Rb8 17. Nc3 Kf8 18. Na4 Kg7 19. O-O Rbe8 20. g4 hxg3 21. hxg3
Rh3 22. Kf2 Reh8 23. Rg1 Rh2+ 24. Rg2 Rxg2+ 25. Kxg2 Rh5 26. Qc1 Kf8 27. Nc3
Ke7 28. Nd1 Qc8 29. Nf2 Ne8 30. g4 Rh7 31. Qg5+ Kf8 32. Nh1 Qc7 33. Ng3 Ndf6
34. Rb6 Qe7 35. Rb3 Qc7 36. Rb6 Qe7 37. Nh1 Nxd5 38. Qxe7+ Nxe7 39. Rxb7 f6 40.
Rb6 Nc8 41. Rxa6 Rb7 42. Ra8 Ne7 43. Nf2 Ng8 44. Rxe8+ Kxe8 45. Nxe5 fxe5 1-0

[Event "20. Abierto Ciudad de Jaén"]
[Site "Jaén ESP"]
[Date "2010.01.31"]
[Round "8.5"]
[White "Krasenkow, Michal"]
[Black "Granero Roca, Antonio"]
[Result "1-0"]
[WhiteElo "2656"]
[BlackElo "2450"]
[PlyCount "91"]
[EventDate "2010.01.31"]
[EventType "swiss (rapid)"]
[EventCountry "ESP"]
[Source "lmi"]
[SourceDate "2010.01.31"]

1. d4 Nf6 2. c4 c5 3. d5 b5 4. Nf3 g6 5. Qc2 bxc4 6. e4 d6 7. Bxc4 Bg7 8. O-O
O-O 9. h3 Nbd7 10. Nc3 Qb6 11. Rb1 Ba6 12. b3 Ne8 13. Be3 Nc7 14. Nd2 Ne5 15.
f4 Nxc4 16. Nxc4 Bxc4 17. bxc4 Qa5 18. Nb5 Nxb5 19. Rxb5 Qa3 20. Rf3 a6 21. Rb3
Qa4 22. Rf1 Rab8 23. Rfb1 Rb4 24. Qd3 Rxc4 25. Ra3 Qc2 26. Qxc2 Rxc2 27. Kf1
Rc4 28. e5 dxe5 29. fxe5 Bxe5 30. Rxa6 Rd8 31. Rb7 Bd6 32. a4 f5 33. Bg5 Re4
34. a5 h6 35. Bxh6 Kf7 36. Bg5 Bg3 37. Rf6+ Kg8 38. Rxg6+ Kh7 39. Re6 Rxe6 40.
dxe6 Kg6 41. Bxe7 Rd5 42. Rb2 c4 43. Bb4 Rd1+ 44. Ke2 Ra1 45. Rc2 Kf6 46. Bc3+
1-0